Cotignac - Choix multiples - Statistiques

Statistiques générales
  • Ce quiz a été pris 3 fois
  • Le résultat moyen est 7 sur 10
Statistiques - réponses
Question Réponse % Correct
Reconnaissez-vous la falaise de Cotignac sur l'une des photographies suivante ?
100%
Reconnaissez-vous Cotignac sur l'une des photographies suivantes ?
100%
De quelle huile la culture a une grande importance économique à Cotignac ? L'huile d'olive
100%
Quel était le métier de Jean de La Baume, témoin de deux apparitions mariales à Cotignac en 1519 ? Bûcheron
67%
Quel parc naturel régional à l'une de ses entrées à environs 15 kilomètres au nord de Cotignac ? Le Parc naturel régional du Verdon
67%
Quelle roche forme la falaise de Cotignac ? Le tuf
67%
Quel roi fit un pèlerinage au sanctuaire Notre-Dame des Grâces de Cotignac suite au vœu de sa mère, sanctuaire construit à la demande de la sainte Vierge lors de son apparition de 1519 ? Louis XIV
67%
Parmi les saint(e)s suivant(e)s, le ou laquelle n'accompagnait pas la sainte Vierge Marie lors de ses apparitions à Jean de La Baume avec l'Enfant dans ses bras en 1519 ? Saint Joseph
67%
Comment appelle-t-on l'aven formé sur la falaise de Cotignac ? La salle des Merveilles
33%
Quel parc naturel régional à l'une de ses entrées à environs 15 kilomètres au sud de Cotignac ? Le Parc naturel régional de la Sainte-Baume
33%
Aucun quiz correspondant
Distribution des résultats
% des personnes avec chaque résultat
Percentile par nombre de réponses
Votre historique - résultats
Vous n’avez pas pris ce quiz